UK by Picture - B - Statistics

General Stats
  • This quiz has been taken 78 times
    76 since last reset
  • The average score is 16 of 20
Answer Stats
Picture Hint Answer % Correct
Fictional Character Mr. Bean
100%
Band The Beatles
100%
Clock Tower Nickname Big Ben
98%
Palace Buckingham Palace
98%
Instrument Bagpipes
97%
Fictional Character James Bond
95%
Footballer David Beckham
91%
Musician David Bowie
86%
Prime Minister Tony Blair
86%
National Airline British Airways
84%
Mountain Ben Nevis
83%
City Bath
75%
Celtic Queen Boudica
75%
Award Ceremony BAFTA
73%
Food Black Pudding
70%
Town Blackpool
69%
Period Sitcom Blackadder
63%
Flower Bluebell
63%
Engineer I.K. Brunel
48%
Poet Robert Burns
42%
No matching quizzes found
Score Distribution
Percent of People with Each Score
Percentile by Number Answered
Your Score History
You have not taken this quiz since the last reset